000
00283nam a2200109Ia 4500
008
220204s9999 xx 000 0 und d
082
_a
330.101.8
_b
KAL
100
_a
KALDOR, Nicholas
245
0
_a
Further essays on applied economics
260
_a
London
_b
Duckworth
_c
1978
942
_c
BK
999
_c
34367
_d
34367